Happier Than Ever Songs - Statistics

General Stats
  • This quiz has been taken 24 times
  • The average score is 13 of 16
Answer Stats
Hint Answer % Correct
15 Happier Than Ever
100%
12 Your Power
100%
3 Billie Bossa Nova
92%
1 Getting Older
92%
6 GOLDWING
85%
8 Halley's Comet
85%
2 I Didn't Change My Number
85%
16 Male Fantasy
85%
13 NDA
85%
11 Everybody Dies
77%
7 Lost Cause
77%
4 my future
77%
5 Oxytocin
77%
14 Therefore I Am
77%
10 OverHeated
69%
9 Not My Responsibility
54%
No matching quizzes found
Score Distribution
Percent of People with Each Score
Percentile by Number Answered
Your Score History
You have not taken this quiz